| 000 | 00553nam a22001817a 4500 | ||
|---|---|---|---|
| 003 | CEME | ||
| 005 | 20221205110555.0 | ||
| 008 | 210209b xxu||||| |||| 00| 0 eng d | ||
| 020 | _a0-8330-2529-5 | ||
| 040 | _c. | ||
| 082 | _a358.403 SOU | ||
| 100 |
_aLesser, Ian.O Khalilzad, Zalmay _979829 |
||
| 245 | _aSources of conflict in 21st century regional futures and u.s strateg | ||
| 260 |
_aRAWALPINDI _bARMY EDUCATION PRESS _c2000 |
||
| 300 | _a336P | ||
| 650 |
_aWORLD POLITICS-1989-FORECASTING AIR DEFENCE-UNITED STATES _979830 |
||
| 942 |
_cBK _2ddc |
||
| 999 |
_c584823 _d584823 |
||